[Event "Stuttgart-chB int"]
[Site "Ditzingen"]
[Date "2012.05.20"]
[Round "7"]
[White "Grueneschild, Hildegard"]
[Black "Schneider, Stephan"]
[Result "0-1"]
[WhiteElo "1613"]
[BlackElo "1751"]
[PlyCount "102"]
[EventDate "2012.05.17"]
[EventType "swiss"]
[EventRounds "7"]
[EventCountry "GER"]
[SourceTitle "EXT 2018"]
[Source "ChessBase"]
[SourceDate "2017.10.13"]
[SourceVersion "1"]
[SourceVersionDate "2017.10.13"]
[SourceQuality "1"]

1. c4 c6 2. Nc3 Nf6 3. d4 d5 4. cxd5 cxd5 5. e3 Nc6 6. Nf3 Bg4 7. Be2 e6 8. 0-0 Bd6 9. h3 Bxf3 10. Bxf3 0-0 11. a3 Rc8 12. Bd2 a6 13. Rb1 Na5 14. Na2 Nc4 15. Bb4 Rc6 16. Bxd6 Qxd6 17. Nb4 Rb6 18. Qe2 a5 19. Nd3 Rc8 20. Rfc1 Rbc6 21. Nc5 b6 22. Nd3 Qd7 23. Rc2 R8c7 24. Rbc1 Qc8 25. b3 Nxa3 26. Rxc6 Rxc6 27. Rxc6 Qxc6 28. Qb2 Nb5 29. g4 Nd7 30. Kg2 Kf8 31. h4 Ke7 32. g5 Kd6 33. h5 Qc3 34. Be2 Qxb2 35. Nxb2 Nc7 36. f4 Kc6 37. Bd3 g6 38. hxg6 hxg6 39. Kf3 b5 40. e4 Nb6 41. exd5+ Ncxd5 42. Be4 a4 43. bxa4 bxa4 44. Nd3 Kb5 45. Nc5 Kb4 46. Bd3 a3 47. Na6+ Kc3 48. Ke4 a2 49. Nc5 a1Q 50. Ke5 Qe1+ 51. Be4 Nc4# 0-1

[Event "Stuttgart-chB int"]
[Site "Ditzingen"]
[Date "2012.05.19"]
[Round "5"]
[White "Schneider, Stephan"]
[Black "Malheur, Lothar"]
[Result "1-0"]
[WhiteElo "1751"]
[BlackElo "1376"]
[PlyCount "93"]
[EventDate "2012.05.17"]
[EventType "swiss"]
[EventRounds "7"]
[EventCountry "GER"]
[SourceTitle "EXT 2018"]
[Source "ChessBase"]
[SourceDate "2017.10.13"]
[SourceVersion "1"]
[SourceVersionDate "2017.10.13"]
[SourceQuality "1"]

1. d4 Nf6 2. c4 g6 3. Bf4 Bg7 4. Nc3 d6 5. e3 0-0 6. Be2 Bf5 7. Nf3 c6 8. 0-0 Qb6 9. Qd2 Rd8 10. Rfd1 Na6 11. Na4 Qb4 12. Qxb4 Nxb4 13. a3 Na6 14. Nc3 Bc2 15. Rd2 Bb3 16. h3 c5 17. a4 d5 18. cxd5 Bxd5 19. Nxd5 Nxd5 20. Be5 f6 21. Bg3 cxd4 22. Nxd4 Nab4 23. Ne6 Rdc8 24. Bf3 Rc6 25. Nxg7 Kxg7 26. Bxd5 Nxd5 27. Rxd5 e5 28. Rd7+ Kh6 29. Rxb7 Rd8 30. Rxa7 g5 31. Re7 Rd2 32. b4 Kg6 33. b5 Rcc2 34. h4 f5 35. Rf1 f4 36. exf4 exf4 37. Bxf4 gxf4 38. b6 Rd3 39. Ra7 Rb2 40. a5 f3 41. g3 Rdb3 42. Ra1 Rb1+ 43. Rxb1 Rxb1+ 44. Kh2 Rf1 45. g4 Rxf2+ 46. Kg3 Rf1 47. b7 1-0

[Event "Stuttgart-chB int"]
[Site "Ditzingen"]
[Date "2012.05.17"]
[Round "2"]
[White "Weis, Olga"]
[Black "Schneider, Stephan"]
[Result "1-0"]
[WhiteElo "1583"]
[BlackElo "1751"]
[PlyCount "55"]
[EventDate "2012.05.17"]
[EventType "swiss"]
[EventRounds "7"]
[EventCountry "GER"]
[SourceTitle "EXT 2018"]
[Source "ChessBase"]
[SourceDate "2017.10.13"]
[SourceVersion "1"]
[SourceVersionDate "2017.10.13"]
[SourceQuality "1"]

1. e4 e6 2. d4 d5 3. exd5 exd5 4. Nf3 Bg4 5. Be2 Nd7 6. Nc3 Ngf6 7. Bg5 Bd6 8. Nxd5 0-0 9. Nxf6+ Nxf6 10. 0-0 c6 11. Nd2 Bxe2 12. Qxe2 Re8 13. Qf3 Qa5 14. Be3 Qc7 15. h3 Re6 16. Nc4 Nd5 17. Nxd6 Qxd6 18. c3 Nxe3 19. fxe3 Qe7 20. Rae1 Re8 21. e4 f6 22. e5 fxe5 23. Rxe5 Rxe5 24. dxe5 Qc5+ 25. Kh1 Rf8 26. Qxf8+ Qxf8 27. Rxf8+ Kxf8 28. Kh2 1-0